00689pam a2200241 a 450000100070000000500170000700800410002401000170006502000150008204000180009704100080011506000160012308000150013908200190015410000060017310100080017924500490018750400390023690600450027594200120032099900170033295200980034946105520171220070134.0830420s1983 nyua b 001 0 eng  a 83009528  a0890046085 aDLCcDLCdDLC aeng aWL 101 C517 a611..8 DUA00a611..8 DUA219 a6 aANA00aChemical neuroanatomy /ceditor, P.C. Emson. aIncludes bibliographies and index. a7bcbccorignewd1eocipf19gy-gencatlg 2ddccBK c39221d39221 00102ddc4070a002b002d2017-12-20l0o611..8 DUAp002-2939546r2017-12-20w2017-12-20yBK